| 000 | 00977nas a2200325 4500 | ||
|---|---|---|---|
| 001 | BR2013008780 | ||
| 003 | BR-BrBNA | ||
| 005 | 20231205123147.0 | ||
| 007 | ta | ||
| 008 | 230509b bl.|||p| |||| 00| 00por d | ||
| 040 |
_aBR-BrBNA _bpor _cBiblioteca Nacional de Agricultura |
||
| 041 | _a(En) | ||
| 072 | _aL02; L51 | ||
| 100 | 1 | _aStumpf, M.T. | |
| 100 | 1 | _aFischer, V. | |
| 100 | 1 | _aKolling, G.J. | |
| 100 | 1 | _aZanela, M.B. | |
| 100 | 1 | _aRibeiro, M.E.R. | |
| 100 | 1 | _aAbreu, A.S. de | |
| 245 | 1 | _aMetabolic attributes, yield and stability of milk in Jersey cows fed diets containing sodium citrate and sodium bicarbonate | |
| 650 | _aVACA | ||
| 650 | _aDIETA | ||
| 650 | _aPESO | ||
| 650 | _aPRODUTIVIDADE | ||
| 650 | _aLEITE | ||
| 650 | _aMETABOLISMO ANIMAL | ||
| 773 | 0 |
_tPesquisa Agropecuária Brasileira (Brazil) _xISSN 0100-204X _g(May 2013), v. 48(5) p. 564-567 _wBR2013008780 |
|
| 909 |
_a202311 _bLúcia _c55 _dLúcia Elande |
||
| 942 |
_2AGRIS _n0 _cANA |
||
| 999 |
_c232472 _d232472 |
||